[Event "Mittelfranken-chTB1 1112"]
[Site "Germany"]
[Date "2011.09.25"]
[Round "1.5"]
[White "Nuding, Matthias"]
[Black "Meyer, Friedrich"]
[Result "1/2-1/2"]
[WhiteElo "2099"]
[BlackElo "1898"]
[PlyCount "69"]
[EventDate "2011.09.25"]
[EventType "team-tourn"]
[EventRounds "9"]
[EventCountry "GER"]
[SourceTitle "EXT 2013"]
[Source "ChessBase"]
[SourceDate "2012.11.22"]
[SourceVersion "1"]
[SourceVersionDate "2012.11.22"]
[SourceQuality "1"]
[WhiteTeam "Nuernberg NT III"]
[BlackTeam "Nuernberg NT IV"]
[WhiteTeamCountry "GER"]
[BlackTeamCountry "GER"]

1. e4 g6 2. d4 Bg7 3. Nc3 d6 4. Be3 a6 5. a4 b6 6. Qd2 h6 7. Bc4 e6 8. Nge2 Ne7 9. 0-0 Nd7 10. f4 Bb7 11. Rad1 0-0 12. Ng3 Kh7 13. f5 d5 14. fxg6+ fxg6 15. Bd3 e5 16. dxe5 Nxe5 17. exd5 Nxd3 18. Qxd3 Bxc3 19. Qxc3 Nxd5 20. Qb3 Qe7 21. Bc1 Rxf1+ 22. Nxf1 Nf6 23. Qh3 h5 24. Bg5 Qc5+ 25. Qe3 Qxe3+ 26. Nxe3 Kg7 27. Bxf6+ Kxf6 28. Rd7 Rc8 29. c4 Ke6 30. Rg7 Kf6 31. Rh7 Ke5 32. Kf2 a5 33. Rg7 Be4 34. Re7+ Kd4 35. Rd7+ 1/2-1/2

[Event "Mittelfranken-chTB1 1011"]
[Site "Germany"]
[Date "2011.01.23"]
[Round "5.8"]
[White "Meyer, Friedrich"]
[Black "Hack, Klaus"]
[Result "1/2-1/2"]
[WhiteElo "1934"]
[BlackElo "1805"]
[PlyCount "53"]
[EventDate "2010.09.26"]
[EventType "team-tourn"]
[EventRounds "9"]
[EventCountry "GER"]
[SourceTitle "EXT 2012"]
[Source "ChessBase"]
[SourceDate "2011.11.24"]
[SourceVersion "1"]
[SourceVersionDate "2011.11.24"]
[SourceQuality "1"]
[WhiteTeam "Nuernberg NT III"]
[BlackTeam "Nuernberg Sued SW III"]
[WhiteTeamCountry "GER"]
[BlackTeamCountry "GER"]

1. d4 e6 2. Nf3 d5 3. e3 Nf6 4. Bd3 g6 5. b3 Bg7 6. Nbd2 0-0 7. Bb2 b6 8. 0-0 Bb7 9. Rc1 Nbd7 10. c4 c5 11. cxd5 exd5 12. dxc5 Nxc5 13. Be2 Rc8 14. Nd4 Nfe4 15. N2f3 a6 16. b4 Nd7 17. a4 Qe7 18. Qb3 Ne5 19. b5 Nxf3+ 20. Nxf3 Nc5 21. Rxc5 bxc5 22. bxa6 Ba8 23. Ba3 Rfd8 24. Rc1 Qa7 25. Bb5 h6 26. h3 Rc7 27. Nh2 1/2-1/2

[Event "Mittelfranken-chTB1 0910"]
[Site "Mittelfranken"]
[Date "2010.04.18"]
[Round "9.5"]
[White "Buchweitz, Joerg"]
[Black "Meyer, Friedrich"]
[Result "1-0"]
[WhiteElo "2035"]
[BlackElo "1942"]
[PlyCount "77"]
[EventDate "2009.10.11"]
[EventType "team-tourn"]
[EventRounds "9"]
[EventCountry "GER"]
[SourceTitle "EXT 2011"]
[Source "ChessBase"]
[SourceDate "2010.11.26"]
[SourceVersion "1"]
[SourceVersionDate "2010.11.26"]
[SourceQuality "1"]
[WhiteTeam "Lauf"]
[BlackTeam "Gunzenhausen"]
[WhiteTeamCountry "GER"]
[BlackTeamCountry "GER"]

1. d4 Nf6 2. Nf3 e6 3. e3 c5 4. Bd3 b6 5. 0-0 Bb7 6. Nbd2 d5 7. b3 Be7 8. Bb2 0-0 9. c4 Nbd7 10. Rc1 Rc8 11. Qe2 Re8 12. Rfd1 Bf8 13. e4 dxe4 14. Nxe4 Nxe4 15. Bxe4 Bxe4 16. Qxe4 Nf6 17. Qh4 cxd4 18. Bxd4 Qe7 19. Bxf6 gxf6 20. Rd3 Red8 21. Nd4 f5 22. Qxe7 Bxe7 23. Rcd1 Bf6 24. Kf1 Rd7 25. Ke2 Rcd8 26. Nc6 Rxd3 27. Rxd3 Rxd3 28. Kxd3 a6 29. b4 Kf8 30. Nb8 Ke8 31. Nxa6 Kd7 32. a4 Be7 33. c5 bxc5 34. b5 Bd6 35. h3 e5 36. Kc4 e4 37. Nxc5+ Kc8 38. Kd5 Bh2 39. Kc6 1-0

[Event "Regionalliga NO 0708"]
[Site "Bayern"]
[Date "2008.02.17"]
[Round "6.5"]
[White "Kappl, Peter"]
[Black "Meyer, Friedrich"]
[Result "1/2-1/2"]
[WhiteElo "1932"]
[BlackElo "1934"]
[PlyCount "179"]
[EventDate "2007.10.21"]
[EventType "team-tourn"]
[EventRounds "9"]
[EventCountry "GER"]
[SourceTitle "EXT 2009"]
[Source "ChessBase"]
[SourceDate "2008.11.26"]
[SourceVersion "1"]
[SourceVersionDate "2008.11.26"]
[SourceQuality "1"]
[WhiteTeam "Kareth Lappersdorf"]
[BlackTeam "Gunzenhausen"]
[WhiteTeamCountry "GER"]
[BlackTeamCountry "GER"]

1. e4 d6 2. d4 g6 3. Nc3 Bg7 4. Be3 a6 5. Qd2 b5 6. f3 Nd7 7. Nh3 Bb7 8. Be2 Rc8 9. Nf2 h5 10. 0-0 c5 11. d5 Ngf6 12. Rad1 Qa5 13. a3 0-0 14. g4 hxg4 15. fxg4 Ne5 16. Bh6 Qb6 17. Kg2 b4 18. Bxg7 Kxg7 19. Nb1 Rh8 20. h3 Rh4 21. Qe3 Qd8 22. Nd2 Nfd7 23. Qg3 g5 24. Nd3 Nxd3 25. Qxd3 Ne5 26. Qe3 f6 27. Nf3 Nxf3 28. Rxf3 a5 29. Bc4 Qb6 30. Rdf1 Rch8 31. axb4 axb4 32. Ra1 Ra8 33. Raf1 Bc8 34. Rd1 Bd7 35. Qd3 Rah8 36. Rg3 Ra8 37. Rf3 Rah8 38. Rg3 Ra8 39. Rf3 Ra5 40. Rdf1 Rh8 41. Qe2 Qa7 42. Re1 Rh4 43. Rff1 Qa8 44. Qd3 Qh8 45. Qg3 Qa8 46. Qd3 Rh8 47. Rf3 Ra1 48. Rff1 Rxe1 49. Rxe1 Qa7 50. Qf1 Ra8 51. Qd3 Qb8 52. Qf1 Qh8 53. Ra1 Qb8 54. Rxa8 Qxa8 55. Kf3 Qe8 56. Qa1 Bb5 57. Qf1 Bxc4 58. Qxc4 Qa4 59. b3 Qa1 60. Kg2 Qe1 61. Qd3 Kf7 62. Kh2 Qf2+ 63. Kh1 Kg7 64. Qc4 Kf7 65. Qd3 e6 66. dxe6+ Ke7 67. Qd5 Qd4 68. Kg2 Qc3 69. Qb7+ Kxe6 70. Qd5+ Ke7 71. Qb7+ Kf8 72. Qc8+ Kg7 73. Qd7+ Kh6 74. Qf7 Qxc2+ 75. Kg1 Qd1+ 76. Kf2 Qd2+ 77. Kf1 Qf4+ 78. Kg1 Qg3+ 79. Kf1 Qxh3+ 80. Kf2 Qh2+ 81. Ke3 Qf4+ 82. Kd3 Qf3+ 83. Kd2 Qf2+ 84. Kd1 Qd4+ 85. Kc1 Qc3+ 86. Kb1 Qe1+ 87. Kb2 Qe2+ 88. Kc1 Qf1+ 89. Kb2 Qg2+ 90. Kc1 1/2-1/2

[Event "Regionalliga NO 0708"]
[Site "Bayern"]
[Date "2007.12.09"]
[Round "4.5"]
[White "Fischer, Ernst"]
[Black "Meyer, Friedrich"]
[Result "0-1"]
[WhiteElo "1961"]
[BlackElo "1934"]
[PlyCount "98"]
[EventDate "2007.10.21"]
[EventType "team-tourn"]
[EventRounds "9"]
[EventCountry "GER"]
[SourceTitle "EXT 2009"]
[Source "ChessBase"]
[SourceDate "2008.11.26"]
[SourceVersion "1"]
[SourceVersionDate "2008.11.26"]
[SourceQuality "1"]
[WhiteTeam "Weiden"]
[BlackTeam "Gunzenhausen"]
[WhiteTeamCountry "GER"]
[BlackTeamCountry "GER"]

1. d4 g6 2. Nf3 Bg7 3. e4 d6 4. Nc3 a6 5. a4 b6 6. Bd3 e6 7. 0-0 Ne7 8. Be3 h6 9. Qd2 Bb7 10. Rad1 Nd7 11. Rfe1 Kf8 12. h3 Kg8 13. Nh2 e5 14. d5 f5 15. f3 Kh7 16. g4 Rf8 17. Rb1 a5 18. Nb5 Nc5 19. b3 c6 20. dxc6 Bxc6 21. Nc3 fxg4 22. fxg4 d5 23. Bxc5 bxc5 24. exd5 Nxd5 25. Be4 Nxc3 26. Qxc3 Bxe4 27. Rxe4 Rf4 28. Qe1 Rxe4 29. Qxe4 Qd4+ 30. Qxd4 cxd4 31. Re1 Rc8 32. Re2 Rc3 33. Kg2 d3 34. cxd3 Rxd3 35. Nf3 Rxb3 36. Nxe5 Rb4 37. Nd3 Rxa4 38. Nc1 Rb4 39. Ra2 Rb2+ 40. Kf3 Rxa2 41. Nxa2 Bb2 42. h4 Kg7 43. Kf4 Kf6 44. Ke4 Ke6 45. Kf4 Kd5 46. h5 gxh5 47. gxh5 Kc4 48. Kf5 Kb3 49. Kg6 Kxa2 0-1

[Event "Regionalliga NO 0607"]
[Site "Bayern"]
[Date "2006.12.10"]
[Round "4.8"]
[White "Meyer, Friedrich"]
[Black "Erlbeck, Peter"]
[Result "1/2-1/2"]
[WhiteElo "1934"]
[BlackElo "2032"]
[PlyCount "113"]
[EventDate "2006.10.15"]
[EventType "team-tourn"]
[EventRounds "9"]
[EventCountry "GER"]
[SourceTitle "EXT 2008"]
[Source "ChessBase"]
[SourceDate "2007.11.25"]
[SourceVersion "1"]
[SourceVersionDate "2007.11.25"]
[SourceQuality "1"]
[WhiteTeam "Gunzenhausen"]
[BlackTeam "Nuernberg Sued SW"]
[WhiteTeamCountry "GER"]
[BlackTeamCountry "GER"]

1. d4 f5 2. Bg5 g6 3. Nd2 Bg7 4. e4 d6 5. c3 c6 6. Bd3 fxe4 7. Nxe4 Nf6 8. Qd2 Nxe4 9. Bxe4 0-0 10. 0-0-0 Qa5 11. Kb1 Bf5 12. f3 Rf7 13. Bh6 Nd7 14. h4 Nf6 15. Bxf5 Qxf5+ 16. Kc1 Nd5 17. Ne2 Nb6 18. Ng3 Qa5 19. Bxg7 Rxg7 20. b3 Nd5 21. c4 Qa3+ 22. Qb2 Qxb2+ 23. Kxb2 Ne3 24. Rd2 Rf8 25. Re2 Nf5 26. Nxf5 Rxf5 27. Rhe1 Kf8 28. Kc3 Rf4 29. Re4 Rgf7 30. d5 Rxe4 31. Rxe4 Rf5 32. dxc6 bxc6 33. Kd3 Ke8 34. Ke2 Kd7 35. g4 Ra5 36. a4 Ra6 37. f4 Rb6 38. Re3 e6 39. Kd2 Rb8 40. Kc3 Rf8 41. Rf3 c5 42. Kd3 Kc6 43. Ke4 d5+ 44. cxd5+ exd5+ 45. Ke5 d4 46. f5 gxf5 47. gxf5 Re8+ 48. Kf4 Rf8 49. Kg5 Kd5 50. Rf1 d3 51. f6 Ke5 52. Re1+ Kd4 53. Re7 Rd8 54. f7 d2 55. Re8 Rd5+ 56. Kh6 d1Q 57. f8Q 1/2-1/2

[Event "Nuremberg LGA Cup 3rd"]
[Site "Nuremberg"]
[Date "2006.09.10"]
[Round "6.28"]
[White "Dinger, Florian"]
[Black "Meyer, Friedrich"]
[Result "1-0"]
[WhiteElo "2259"]
[BlackElo "1846"]
[PlyCount "67"]
[EventDate "2006.09.07"]
[EventType "swiss"]
[EventRounds "7"]
[EventCountry "GER"]
[SourceTitle "EXT 2022"]
[Source "ChessBase"]
[SourceDate "2021.10.06"]
[SourceVersion "1"]
[SourceVersionDate "2021.10.06"]
[SourceQuality "1"]

1. e4 g6 2. d4 Bg7 3. Be3 d6 4. Bc4 a6 5. a4 b6 6. Ne2 e6 7. Nbc3 Ne7 8. f3 Nd7 9. Qd2 h6 10. 0-0 Bb7 11. b4 Nf6 12. Bb3 Kf8 13. Rac1 Kg8 14. Nd1 Kh7 15. c4 Nd7 16. d5 e5 17. Nb2 a5 18. c5 bxc5 19. bxc5 Nb8 20. Nc4 Ba6 21. c6 Bxc4 22. Bxc4 f5 23. Rb1 Rf8 24. Rb7 fxe4 25. fxe4 Rxf1+ 26. Kxf1 Nbxc6 27. dxc6 Nxc6 28. Rb1 Nb4 29. Kg1 Qd7 30. Nc3 Rd8 31. Rd1 Bf8 32. Rf1 Qg4 33. Rf7+ Bg7 34. Bxh6 1-0

[Event "Regionalliga NO 0506"]
[Site "Bayern"]
[Date "2006.01.15"]
[Round "5.7"]
[White "Dirmeier, Matthias"]
[Black "Meyer, Friedrich"]
[Result "0-1"]
[WhiteElo "1937"]
[BlackElo "1842"]
[PlyCount "94"]
[EventDate "2005.10.23"]
[EventType "team-tourn"]
[EventRounds "9"]
[EventCountry "GER"]
[SourceTitle "EXT 2007"]
[Source "ChessBase"]
[SourceDate "2006.11.23"]
[SourceVersion "1"]
[SourceVersionDate "2006.11.23"]
[SourceQuality "1"]

1. e4 g6 2. d4 Bg7 3. Nf3 d6 4. Bc4 Nf6 5. Nc3 Nxe4 6. Bxf7+ Kxf7 7. Nxe4 Rf8 8. Qe2 Kg8 9. Neg5 Qe8 10. Ne6 Bxe6 11. Qxe6+ Qf7 12. Ng5 Qxe6+ 13. Nxe6 Rc8 14. Nxg7 Kxg7 15. f4 d5 16. 0-0 Nd7 17. Be3 Rf8 18. b3 e6 19. Rac1 Rac8 20. c4 c6 21. Bd2 Nf6 22. Bb4 Rf7 23. g3 Ne4 24. Kg2 Rd8 25. c5 g5 26. Rf3 gxf4 27. gxf4 Rdf8 28. Rcf1 Kh8 29. h4 Rg8+ 30. Kh3 Rfg7 31. Be1 Rf7 32. a4 h5 33. b4 a6 34. Kh2 Kh7 35. Kh3 Rgf8 36. Kg2 Rg7+ 37. Kh3 Kg6 38. Rg1+ Kf6 39. Rgf1 Kf5 40. Rd3 Rfg8 41. b5 axb5 42. axb5 Rg1 43. Rxg1 Rxg1 44. bxc6 bxc6 45. Re3 Kxf4 46. Kh2 Kxe3 47. Kxg1 Kxd4 0-1

[Event "Mittelfrankenliga-B2b 0506"]
[Site "Germany"]
[Date "2005.11.20"]
[Round "2.1"]
[White "Meyer, Friedrich"]
[Black "Schulze, Hubertus"]
[Result "0-1"]
[WhiteElo "1842"]
[BlackElo "2056"]
[PlyCount "126"]
[EventDate "2005.10.16"]
[EventType "team"]
[EventRounds "9"]
[EventCountry "GER"]
[SourceTitle "EXT 2007"]
[Source "ChessBase"]
[SourceDate "2006.11.23"]
[SourceVersion "1"]
[SourceVersionDate "2006.11.23"]
[SourceQuality "1"]

1. c4 b6 2. d4 Bb7 3. Nc3 e6 4. Bf4 Bb4 5. e3 d6 6. Nge2 Nd7 7. a3 Bxc3+ 8. Nxc3 f5 9. f3 Ngf6 10. Qc2 0-0 11. Bd3 Nh5 12. 0-0-0 Nxf4 13. exf4 Qf6 14. Rhe1 Qxd4 15. Be4 Bxe4 16. Rxd4 Bxc2 17. Kxc2 Kf7 18. b4 a5 19. Kb3 Rfc8 20. Rd2 g6 21. Nb5 Nf8 22. Rde2 axb4 23. axb4 Ke7 24. Nd4 Kd7 25. Nxe6 Nxe6 26. Rxe6 Re8 27. R6e2 Rxe2 28. Rxe2 Ra1 29. Kb2 Rd1 30. Kc2 Rd4 31. Kc3 Rxf4 32. b5 g5 33. Re3 g4 34. fxg4 fxg4 35. h3 h5 36. hxg4 Rxg4 37. Rh3 h4 38. Rf3 Rxg2 39. Rf7+ Kd8 40. Rh7 Rg4 41. Kd3 d5 42. cxd5 Rb4 43. Kc3 Rxb5 44. Kc4 Ra5 45. Kd4 Ra4+ 46. Ke5 Kc8 47. d6 cxd6+ 48. Kxd6 Rc4 49. Kd5 b5 50. Kd6 b4 51. Kd5 Rg4 52. Kc6 Kd8 53. Kd6 Ke8 54. Ke6 Kf8 55. Kf5 Kg8 56. Rb7 Rc4 57. Kf6 h3 58. Rb8+ Kh7 59. Rb7+ Kh6 60. Rb8 Kh5 61. Rb5+ Kh4 62. Rb8 h2 63. Kf5 Kh3 0-1

[Event "Nuremberg-ch op 05th"]
[Site "Nuremberg"]
[Date "2005.05.08"]
[Round "4"]
[White "Mittermueller, Wolfgang"]
[Black "Meyer, Friedrich"]
[Result "0-1"]
[WhiteElo "1617"]
[BlackElo "1837"]
[PlyCount "120"]
[EventDate "2005.05.06"]
[EventType "swiss"]
[EventRounds "5"]
[EventCountry "GER"]
[SourceTitle "EXT 2007"]
[Source "ChessBase"]
[SourceDate "2006.11.23"]
[SourceVersion "1"]
[SourceVersionDate "2006.11.23"]
[SourceQuality "1"]

1. e4 g6 2. d4 Bg7 3. c4 Nc6 4. Nf3 d6 5. Nc3 Bg4 6. Be3 e5 7. d5 Nd4 8. Be2 Bxf3 9. Bxf3 Ne7 10. Ne2 c5 11. Qa4+ Qd7 12. Qxd7+ Kxd7 13. Bxd4 cxd4 14. Nc1 Rac8 15. Be2 f5 16. f3 Bh6 17. b3 Bxc1 18. Rxc1 b5 19. Kd2 bxc4 20. Bxc4 Rb8 21. Rc2 Rhc8 22. Rhc1 Rc5 23. Rf1 a5 24. Rfc1 Ng8 25. Bd3 Rxc2+ 26. Rxc2 fxe4 27. fxe4 Rc8 28. Rxc8 Kxc8 29. Be2 Nf6 30. Kd3 Kc7 31. g4 g5 32. Bf3 Kb6 33. Kc4 Nd7 34. a3 Nc5 35. h3 Nd7 36. Bg2 Nf8 37. Bf1 Ng6 38. b4 axb4 39. Kxb4 Nf4 40. a4 d3 41. Kc3 Ka5 42. Bxd3 Nxh3 43. Be2 Kxa4 44. Bf3 Nf2 45. Kd2 Kb4 46. Ke3 Nh3 47. Bg2 Nf4 48. Bf1 Kc3 49. Bb5 h5 50. gxh5 Nxh5 51. Bd7 Nf6 52. Bh3 g4 53. Bg2 Nh5 54. Bh1 Nf4 55. Kf2 Nh3+ 56. Ke3 Kc4 57. Bg2 Nf4 58. Bh1 g3 59. Bf3 g2 60. Kf2 Kd4 0-1

[Event "Nuremberg-ch op 05th"]
[Site "Nuremberg"]
[Date "2005.05.07"]
[Round "3"]
[White "Meyer, Friedrich"]
[Black "Steinmueller, Alexander"]
[Result "0-1"]
[WhiteElo "1837"]
[BlackElo "2026"]
[PlyCount "48"]
[EventDate "2005.05.06"]
[EventType "swiss"]
[EventRounds "5"]
[EventCountry "GER"]
[SourceTitle "EXT 2007"]
[Source "ChessBase"]
[SourceDate "2006.11.23"]
[SourceVersion "1"]
[SourceVersionDate "2006.11.23"]
[SourceQuality "1"]

1. d4 d6 2. e4 Nf6 3. Nc3 g6 4. Nf3 Bg7 5. Be3 c6 6. Qd2 b5 7. Bd3 0-0 8. Bh6 Nbd7 9. Bxg7 Kxg7 10. 0-0-0 e5 11. Ne2 Qb6 12. dxe5 dxe5 13. Ng3 h6 14. h4 Ng4 15. Rdf1 c5 16. c3 c4 17. Bc2 Nc5 18. Ne1 Ne6 19. Bd1 Rd8 20. Bxg4 Rxd2 21. Kxd2 Nf4 22. Be2 Be6 23. Nf3 b4 24. Kc2 b3+ 0-1

[Event "Nuremberg-ch op 05th"]
[Site "Nuremberg"]
[Date "2005.05.06"]
[Round "1"]
[White "Meyer, Friedrich"]
[Black "Forche, Peter"]
[Result "1-0"]
[WhiteElo "1837"]
[BlackElo "1348"]
[PlyCount "61"]
[EventDate "2005.05.06"]
[EventType "swiss"]
[EventRounds "5"]
[EventCountry "GER"]
[SourceTitle "EXT 2007"]
[Source "ChessBase"]
[SourceDate "2006.11.23"]
[SourceVersion "1"]
[SourceVersionDate "2006.11.23"]
[SourceQuality "1"]

1. d4 d5 2. Nf3 Nf6 3. e3 e6 4. Bd3 Nbd7 5. b3 c5 6. Nbd2 Be7 7. 0-0 0-0 8. Bb2 b6 9. Ne5 Bb7 10. f4 Nxe5 11. fxe5 Ne4 12. Bxe4 dxe4 13. Qg4 Bg5 14. Rae1 cxd4 15. Bxd4 f5 16. exf6 Rxf6 17. Bxf6 Bxf6 18. Qxe6+ Kh8 19. Nxe4 Bxe4 20. Qxe4 Rc8 21. Rd1 Qc7 22. Rd3 Be5 23. g3 Kg8 24. Qd5+ Kh8 25. Rf7 Qb8 26. c4 h6 27. Qe6 Re8 28. Qf5 Bf6 29. Rxf6 gxf6 30. Qxf6+ Kg8 31. Rd7 1-0